Retrospect & prospect ; studies in international relations, naval and political /

Bibliographic Details
Main Author: Mahan, A. T. (Alfred Thayer), 1840-1914
Format: Book
Language:English
Published: Boston : Little, Brown, and company, 1902.
Subjects:

MARC

Tag First Indicator Second Indicator Subfields
LEADER 00000cam a2200000 4500
001 in00000065070
005 20151008051219.0
008 740415s1902 mau 00000 eng u
010 |a  02024908  
035 |a (OCoLC)00856345 
035 |9 AAG6488AM 
040 |c KSU  |d OCL  |d TXA  |d UtOrBLW 
049 |a TXAM  |c [12464] 
050 0 |a JX1395  |b .M26 
092 |a 341  |b M214r 
100 1 |a Mahan, A. T.  |q (Alfred Thayer),  |d 1840-1914. 
245 1 0 |a Retrospect & prospect ;  |b studies in international relations, naval and political /  |c by A. T. Mahan. 
264 1 |a Boston :  |b Little, Brown, and company,  |c 1902. 
300 |a x, 309 pages :  |b illustrations ;  |c 21 cm. 
336 |a text  |b txt  |2 rdacontent 
337 |a unmediated  |b n  |2 rdamedia 
338 |a volume  |b nc  |2 rdacarrier 
600 1 0 |a Sampson, William Thomas,  |d 1840-1902. 
650 2 0 |a Imperial federation. 
650 0 |a International law. 
650 0 |a Sea-power. 
999 |a MARS 
999 f f |s 767b63b5-e284-31fb-836f-4e440366e1ce  |i 544582ec-e159-3ae3-ba76-5badefb61af0  |t 0 
952 f f |p ric  |a Texas A&M University  |b Rellis Campus  |c Joint Library Facility  |d Remote Storage  |t 0  |e JX1395 .M26  |h Library of Congress classification  |i unmediated -- volume  |m A14800781263 
998 f f |a JX1395 .M26  |t 0  |l Remote Storage